Top 30 : Hamza - Statistiques

Statistiques générales
  • Ce quiz a été pris 225 fois
  • Le résultat moyen est 15 sur 30
Statistiques - réponses
Top Titres Featuring % Correct
2 FADE UP ZEG P, SCH
85%
5 God Bless Damso
79%
1 Pilote PLK
77%
3 Life
72%
13 Atasanté Tiakola
68%
18 1h55 Tiakola, Rsko
67%
7 Maudit Werenoi
67%
9 Gasolina Gambi
63%
6 Nocif Damso
61%
11 Panama Kaaris
61%
10 BXL ZOO Damso
59%
4 KYKY2BONDY
58%
12 Mi Amor
57%
15 Dale x Love Therapy Aya Nakamura
53%
29 DRILL FR 5 Gazo
53%
26 Sadio Offset
48%
14 TOKA SDM
47%
20 HS SCH
46%
19 Codéine 19
44%
23 Lalla Kore
44%
8 Murder
42%
17 Vibes
40%
27 MISS LILY'S Dinos
35%
22 Jota Niska
33%
28 Free YSL
32%
16 Au Bout De La Nuit
28%
25 Ma Réalité
24%
30 Juste une Minute
23%
24 DELLALI ElGrandeToto
12%
21 Tu Me Donne Des Idées
8%
Aucun quiz correspondant
Distribution des résultats
% des personnes avec chaque résultat
Percentile par nombre de réponses
Votre historique - résultats
Vous n’avez pas pris ce quiz